Trénerské žezlo prebral František Hossa

Bibliographic Details
Main Author: Hossa, František, 1954- (Author)
Format: Article
Language:Slovak
PhysicalDescription:Fotogr.
Subjects:

MARC

LEADER 00000nab a2200000 ar4500
001 vtls008989693
003 SK-MaSNL
005 20260305040257.0
008 070516c2007 xo mr|p|||||||000 b|slo
038 |a PPPK 
040 |a PPPKCL  |b slo  |c PPPK  |e AACR2 
041 0 |a slo 
044 |a xo  |c SK 
080 |a 796.966.071.4  |2 1997 
080 |a 929 Hossa, František  |2 1981 
245 0 0 |a Trénerské žezlo prebral František Hossa  |c text a foto [autor] mag 
300 |b Fotogr. 
545 |a Biografické údaje pod názvom Vizitka Františka Hossu 
600 1 7 |a Hossa, František,  |d 1954-  |2 pppkcl  |9 13352 
610 2 7 |a HK AquaCity ŠKP Poprad  |2 pppkcl  |9 1043350 
648 7 |a sezóna 2005/2006  |2 pppkcl  |9 1033192 
650 0 7 |a ľadový hokej  |2 pppkcl  |9 3231 
650 0 7 |a hokejoví tréneri  |2 pppkcl  |9 29859 
650 0 7 |a rodáci  |2 snkbucl  |9 30842 
651 7 |a Smižany (Slovensko)  |2 snkbucl  |9 29314 
651 7 |a Spišská Nová Ves (Slovensko : okres)  |2 pppkcl  |9 22259 
651 7 |a Poprad (Slovensko)  |2 pppkcl  |9 20155 
700 1 |a Hossa, František,  |d 1954-  |4 ive  |4 aut  |9 13352 
773 0 |t Popradčan : mesačník obyvateľov mesta Poprad  |g Roč. I, č. 12 (2006), s. 21 
852 |a PPPK  |b KIS3GCP 
958 |a BX 
999 |c 3337620  |d 3339550